书目信息 |
| 题名: |
矿产资源勘查学
|
|
| 作者: | 阳正熙 编著 | |
| 分册: | ||
| 出版信息: | 北京 科学出版社 2006.03 |
|
| 页数: | 337页 | |
| 开本: | 26cm | |
| 丛书名: | 21世界高等院校教材 | |
| 单 册: | ||
| 中图分类: | P624 | |
| 科图分类: | ||
| 主题词: | 地质勘探 , 矿产--地质调查 , 矿产资源--地质勘探 , 矿产--地质勘探 | |
| 电子资源: | ||
| ISBN: | 7-03-016814-3 | |
| 000 | 00719nam0 2200253 450 | |
| 001 | 0657145744 | |
| 005 | 20061010163029.98 | |
| 010 | @a7-03-016814-3@dCNY 36.00 | |
| 100 | @a20060819d2006 km y0chiy0120 ea | |
| 101 | 0 | @achi |
| 102 | @aCN@b110000 | |
| 200 | 1 | @a矿产资源勘查学@Akuang chan zi yuan kan cha xue@f阳正熙编著@Fyang zheng xi bian zhu |
| 210 | @a北京@c科学出版社@d2006.03 | |
| 215 | @a337页@d26cm | |
| 225 | 2 | @a21世界高等院校教材 |
| 410 | 0 | @12001 @a21世界高等院校教材 |
| 606 | 0 | @a地质勘探 |
| 606 | 0 | @a矿产@x地质调查 |
| 606 | 0 | @a矿产资源@x地质勘探 |
| 606 | 0 | @a矿产@x地质勘探 |
| 690 | @aP624@v4 | |
| 701 | 0 | @a阳正熙@Ayang zheng xi@4编著 |
| 801 | @aCN@c20061010 | |
| 905 | @a10447@dP624@eY135 | |
| 矿产资源勘查学/阳正熙编著.-北京:科学出版社,2006.03 |
| 337页;26cm.-(21世界高等院校教材) |
| ISBN 7-03-016814-3:CNY 36.00 |
| ● |
| 相关链接 |
|
|
|
正题名:矿产资源勘查学
索取号:P624/Y135
 
预约/预借
| 序号 | 登录号 | 条形码 | 馆藏地/架位号 | 状态 | 备注 |
| 1 | 608853 | 206088534 | 自科二线504/504自科库 47排3列5层/ [索取号:P624/Y135] | 在馆 | |
| 2 | 608854 | 206088543 | 自科二线504/504自科库 47排3列5层/ [索取号:P624/Y135] | 在馆 | |
| 3 | 608855 | 206088552 | 自科库401/401自科库 132排1列4层/ [索取号:P624/Y135] | 在馆 |